00836nam a2200193 a 4500008004100000020001500041050001400056100002200070245009500092250001200187260005700199300002000256350000900276650001300285650001200298995018200310999001700492952013300509110912s2000 ||||||||||||||||| || u a0683301349 aRD 31 Ess aLawrence, Peter F10aEssentials of surgical specialties.--2nd ed.c[edited by] Lawrence, Peter F...[and others] a2nd ed. aPhiladelphia:bLippincott Williams and Wilkinsc2000 axi, 514p.: ill. a0.00 aMEDICINE 0aSURGERY aMEDICAL LIBRARY OPEN ACCESSD0.00e900467FCBU-SCHOOL OF MEDICINE LIBRARY (Ndola)H1I0.00jRD 31 ESSM1UAVAILABLEWOct 27, 2011y900467ZMedical Library Open Access Collection c31409d31409 00102lcc4070a002b002cMedical Library Open Access Collectiond2022-11-30l0oRD 31 Essp900467r2022-11-30w2022-11-30y002